Statistiken für Liedtext - One Piece - Die Reise beginnt

Klicken Sie hier um das Quiz zu spielen!

Allgemein

  • Dieses Quiz wurde 143 mal gespielt
  • Das Durchschnittsergebnis liegt bei 110 aus 198

Antwortstatistiken

Liedtext% Korrekt
Die
96%
die
96%
Reise
93%
beginnt
91%
der
82%
das
80%
Meer
78%
Und
73%
und
73%
über
70%
uns
69%
Wir
68%
wir
68%
im
67%
Wer
63%
wer
63%
wo
63%
den
62%
ein
62%
Wind
62%
See
61%
Segel
59%
was
58%
du
57%
es
57%
sind
56%
wie
54%
in
53%
ist
53%
Horizont
52%
weite
52%
Weg
51%
weiß
51%
Wellen
51%
am
50%
Fahne
50%
vor
50%
dem
49%
Nach
48%
nach
48%
segeln
48%
bringt
47%
liegt
47%
schon
47%
Sonne
47%
Tag
47%
Zeit
47%
bis
46%
Land
46%
man
46%
unser
46%
viel
46%
wenn
46%
an
44%
jetzt
44%
nur
44%
wehen
43%
Ziel
43%
dann
42%
dir
42%
einem
42%
Suche
42%
unsere
42%
niemand
41%
noch
41%
starten
41%
Traum
41%
vergeht
41%
Wunder
41%
davon
40%
diesen
40%
kein
40%
morgen
40%
sich
40%
Abend
39%
kennt
39%
neuen
39%
treibt
39%
unbekannten
39%
versteckt
39%
entdeckt
38%
Irgendwann
38%
Neues
38%
Weil
38%
wohin
38%
Geheimnis
37%
bleibt
36%
endlosen
36%
Herzschlag
36%
legst
36%
suchen
36%
heute
34%
hundert
34%
Meilen
34%
Strand
34%
unendliche
34%
bald
33%
durch
33%
fliegt
33%
vielen
33%
vielleicht
33%
weitergeht
33%
erscheint
32%
fernen
32%
finden
31%
teilen
29%
verrät
28%
versingt
21%
seglen
2%

Verteilung der Resultate

Perzentil nach korrekt beantworteten Fragen

Anzahl Personen mit jedem Resultat

Ihre Resultats-Entwicklung

Sie haben dieses Quiz noch nicht gespielt